Villes de Luxembourg (belge) - Statistics

General Stats
  • This quiz has been taken 10 times
  • The average score is 7 of 13
Answers on the Map
Answers color-coded by a green-red scale on the quiz's map according to % correct below.
 
Answer Stats
answer % Correct
Arlon | Arel | Aarlen
100%
Bastogne | Bastenach | Bastenaken | Baaschtnech
88%
Virton
75%
Aubange | Ibingen | Éiben
50%
Bouillon | Bullioen
50%
Durbuy
50%
Houffalize | Hohenfels | Haufelescht
50%
Marche-en-Famenne
50%
Neufchâteau | Neuenburg
50%
Chiny
38%
Florenville
38%
La-Roche-en-Ardennes | Welchenfels | Welsch Fiels
38%
Saint-Hubert
38%
No matching quizzes found
Score Distribution
Percent of People with Each Score
Percentile by Number Answered
Your Score History
You have not taken this quiz